Представление документа в формате MARC21

Поле Инд. ПП Название Значение
Тип записи a
Библиографический уровень m
001 Контрольный номер 8b1d3ce9418b4710bb91ae13dbd86d6b
005 Дата корректировки 20150922120714.6
008 Кодируемые данные 060928
020 a ISBN 5-7996-0340-0
c Цена, тираж 90.00
040 a Служба первич. каталог. НБ ТвГУ
041 0_ a Код языка текста rus
080 a Индекс УДК 519.17(075.8)
084 a Индекс другой классификации/Индекс ББК В174.2я73-1
090 x Авторский знак В35
a Полочн. индекс В174.2
100 1_ a Автор Верников Борис Муневич
245 10 a Заглавие Элементы теории графов
b Продолж. заглавия учеб. пособие для студентов, обучающихся по специальностям 351400 "Прикладная информатика (в экономике)" и 010300 "Математика. Компьютерные науки"
c Ответственность Б. М. Верников
260 0_ a Место издания Екатеринбург
b Издательство Уральский государственный университет
c Дата издания 2005
300 a Объем 191 с.
b Иллюстрации/ тип воспроизводства ил.
504 a Библиография Предм. указ.: с. 188-191.
583 a Действие Получение впервые 364 28.09.2006
k Исполнитель действия Дар экономического факультета ТвГУ
650 04 a Основная рубрика Графов теория
x Основная подрубрика Учебники для вузов
653 0_ a Ключевые слова Графы (мат.)
a Ключевые слова Теория графов
852 41 t Порядковый номер экземпляра 1
p Инвентарный номер 850890
863 t 00149651
888 a Бесплатные
930 a Новая/Ретро учебники
952 p 364.2006 90.00 1 850890
c Вид литературы К ру
954 a Дата поступления на обработку 20061213
999 a Подразделение 2 Фил3